000 00289nam a22001337a 4500
008 170728b xxu||||| |||| 00| 0 eng d
020 _a0534075061
041 _aeng
080 _a004
100 _a32
101 _aSHK
245 _aSOFTWARE ENGINEERING
_cSTEWARD,D.V
942 _2udc
_cBK
999 _c22153
_d22153